000 00448nam a2200193Ia 4500
005 20240823035415.0
008 240823s9999||||xx |||||||||||||| ||und||
020 _a978-0-14400-108-8
041 _aENGLISH
082 _A741.5954 P7
100 _aSarnath Banerjee
245 4 _aThe Barn Owls Wondrous Capers
250 _a1st
260 _c2007
_bPenguin Ori
500 _aYES
650 _aNovel
_bEnglish
942 _cBK
999 _c200611
_d200611